1752 1033 1468 1480 1285 1707 1137 1807 1375 1983 1622 1722 1813 1095 1907 1827 1519 1323 1948 1730 1769 1049 1462 1006 1688 1091 1258 1944 1530 1878 1944 1094 1564 1450 1221 1744 1616 1897 1650 1915 1893 1647 1820 1222 1629 1787 1805 1035 1299 1881 1665 1511 1418 1359 1311 1404 1280 1354 1642 1450 1677 1844 1118 1850 1365 1939 1354 1311 1858 1840 1944 1372 1295 1324 1303 1207 1011 1462 1930 1548 1042 1325 1936 1168 1305 1963 1251 1473 1061 1483 1571 1344 1741 1712 1117 1967 1746 1556 1927 BCNSPRNW ULIB Ver.6.0+V

เปลี่ยนเป็นภาษาไทย

Change to English
 แสดงรายละเอียดบรรณานุกรม
  กลับหน้าหลัก

Brief Record : Get Marc (ISO 2709) : E-mail record : QR code < ปิดหน้าต่าง
LEADER : 00000nam 2200000uu 4500
001    13399127113
003     ULIB
008    191016s2019||||th 000 0 tha d
020    ^a9781496346759 (pbk.)
060 04 ^aWL101^bS761S
100 1  ^aSplittgerber, Ryan
245 10 ^aSnell s clinical neuroanatomy /^cRyan Splittgerber
246 30 ^aClinical neuroanatomy
250    ^a8th ed.
260    ^aPhiladelphia, Pa. :^bWolters Kluwer,^c2019
300    ^axxvi, 527 p. :^bill. (chiefly col.) ;^c28 cm.
500    ^aIncludes index
500    ^aPreceded by : Clinical neuroanatomy / Richard S. Snell.7th ed. Philadelphia : Wolters Kluwer Lippincott Williams& Wilkins, c2010
505 0  ^aIntroduction and organization of the nervous system --Neurons and neuroglia -- Nerve fibers and peripheralinnervation -- Spinal cord and ascending, descending, andintersegmental tracts –- Brainstem -- Cerebellum and itsconnections -- Cerebrum -- The structure and functionallocalization of the cerebral cortex -- Reticular formationand limbic system -- Basal nuclei (basal ganglia) --Cranial nerve nuclei –- Thalamus -- Hypothalamus --Autonomic nervous system -- Meninges -- Ventricular systemand cerebrospinal fluid -- Blood supply of the brain andspinal cord -- Nervous system development
650  2 ^aNervous System^xanatomy & histology
945    ^p2070^l0^i006302
999    ^aประนอม เกษจรัล
รายการนี้ยังไม่มีแท็ก
คุณยังไม่ได้ล็อกอิน คุณสามารถมีกิจกรรมร่วมกับเว็บไซต์ได้ แต่ต้องล็อกอินก่อน ::
  ล็อกอิน

รายการสื่อสารสนเทศ

ลำดับที่ ประเภท เลขเรียก/บาร์โค้ด สถานที่ สถานะ
1. วิทยาศาสตร์การแพทย์ และสุขภาพ
หนังสือสำรอง
สถานะ=หนังสือสำรอง
WL101 S761S ฉ.1 
  Barcode: 006302
ห้องสมุดวิทยาเขตสวรรค์ประชารักษ์
►หนังสือทั่วไป
บนชั้น

BibComment


ยังไม่เคยถูกคอมเมนท์

คอมเมนท์ทรัพยากรรายการนี้
  คอมเมนท์: Snell s clinical..


 Copyright 2026. Bcnsprnw @Library